000 01269nam a2200217Ia 4500
003 OSt
005 20241029142728.0
007 ca aa aaaaa
008 201103s9999 xx 000 0 und d
040 _cost
041 _aMyanmar
082 _223
_a၂၉၄.၃၄၄၃ ဝိ
_b၁၄၅၃၄ S-KZN
100 0 _aဝိစိတ္တသာရာဘိဝံသ(မင်းကွန်းဆရာတော်)။
_955105
245 1 0 _aသပ္ပုရိသဒါနတရားတော်= The Worthy Person's Giving /
_cဝိစိတ္တသာရာဘိဝံသ(မင်းကွန်းဆရာတော်)၊ ဘာသာပြန်သူဦးဝင်းဖေ။
260 _aရန်ကုန်၊
_bတိပိဋက= နိကာယစာအုပ်စာပေ၊ အနုပညာနှင့်မော်ကွန်းအဖွဲ့၊
_c၁၉၈၃။
300 _a၄၅ စာမျက်နှာ၊
_c၁၈ စင်တီ။
500 _a အင်္ဂလိပ်- မြန်မာနှစ်ဘာသာဖြင့်ရေးသားထားသည်။
500 _aS-KZN: Prof. Kyaw Zaw Naing S-SAT: Dr. Sai Aung Tun
650 _aဗုဒ္ဓတရားတော်။
942 _2ddc
_cBK1
999 _c16620
_d16620